[Event "European Women's Chess Club Cup 2023"]
[Site "Durres, Albania"]
[Date "2023.10.06"]
[Round "6.1"]
[White "Stefanova, Antoaneta"]
[Black "Milliet, Sophie"]
[Result "1-0"]
[TimeControl "90' + 30' & 30\""]
[WhiteElo "2424"]
[BlackElo "2391"]

1. d4 {[%clk 01:30:46]} {[%emt 00:00:13]} Nf6 {[%clk 01:30:53]} {[%emt
00:00:08]} 2. c4 {[%clk 01:30:14]} {[%emt 00:01:02]} e6 {[%clk 01:31:17]}
{[%emt 00:00:06]} 3. Nf3 {[%clk 01:29:56]} {[%emt 00:00:48]} Bb4+ {[%clk
01:29:45]} {[%emt 00:02:03]} 4. Nbd2 {[%clk 01:29:27]} {[%emt 00:00:58]} d5
{[%clk 01:29:58]} {[%emt 00:00:17]} 5. Qa4+ {[%clk 01:18:24]} {[%emt 00:11:33]}
Nc6 {[%clk 01:30:24]} {[%emt 00:00:04]} 6. e3 {[%clk 01:18:35]} {[%emt
00:00:20]} a5 {[%clk 01:30:33]} {[%emt 00:00:21]} 7. Be2 {[%clk 01:12:57]}
{[%emt 00:06:07]} Bd7 {[%clk 01:25:44]} {[%emt 00:05:20]} 8. Qc2 {[%clk
01:12:48]} {[%emt 00:00:38]} dxc4 {[%clk 01:14:03]} {[%emt 00:12:12]} 9. Bxc4
{[%clk 01:07:20]} {[%emt 00:05:58]} Bd6 {[%clk 01:08:54]} {[%emt 00:05:38]} 10.
e4 {[%clk 01:04:04]} {[%emt 00:03:46]} e5 {[%clk 01:08:39]} {[%emt 00:00:45]}
11. dxe5 {[%clk 01:03:24]} {[%emt 00:01:10]} Bxe5 {[%clk 01:04:14]} {[%emt
00:04:55]} 12. Nxe5 {[%clk 01:02:09]} {[%emt 00:01:45]} Nxe5 {[%clk 01:04:41]}
{[%emt 00:00:03]} 13. Be2 {[%clk 01:00:59]} {[%emt 00:01:40]} O-O {[%clk
01:03:34]} {[%emt 00:01:38]} 14. O-O {[%clk 00:58:06]} {[%emt 00:03:22]} Bc6
{[%clk 01:03:56]} {[%emt 00:00:09]} 15. f3 {[%clk 00:55:25]} {[%emt 00:03:11]}
Qd4+ {[%clk 01:01:21]} {[%emt 00:03:05]} 16. Kh1 {[%clk 00:53:00]} {[%emt
00:02:55]} a4 {[%clk 00:58:39]} {[%emt 00:03:12]} 17. Nc4 {[%clk 00:51:20]}
{[%emt 00:02:09]} Nxc4 {[%clk 00:58:57]} {[%emt 00:00:13]} 18. Qxc4 {[%clk
00:50:21]} {[%emt 00:01:29]} Qe5 {[%clk 00:58:46]} {[%emt 00:00:41]} 19. Qc3
{[%clk 00:20:13]} {[%emt 00:30:38]} Qh5 {[%clk 00:47:30]} {[%emt 00:11:46]} 20.
Re1 {[%clk 00:19:33]} {[%emt 00:01:11]} Rfe8 {[%clk 00:47:22]} {[%emt
00:00:38]} 21. Bf4 {[%clk 00:15:31]} {[%emt 00:04:31]} Re7 {[%clk 00:46:59]}
{[%emt 00:00:54]} 22. Bg3 {[%clk 00:13:47]} {[%emt 00:02:15]} Rae8 {[%clk
00:46:03]} {[%emt 00:01:25]} 23. e5 {[%clk 00:10:59]} {[%emt 00:03:19]} Qh6
{[%clk 00:38:39]} {[%emt 00:07:54]} 24. Bc4 {[%clk 00:09:10]} {[%emt 00:02:18]}
Nh5 {[%clk 00:34:22]} {[%emt 00:04:47]} 25. Bh4 {[%clk 00:08:22]} {[%emt
00:01:18]} g5 {[%clk 00:31:09]} {[%emt 00:03:44]} 26. Bf2 {[%clk 00:08:38]}
{[%emt 00:00:14]} Nf4 {[%clk 00:31:35]} {[%emt 00:00:04]} 27. Bc5 {[%clk
00:07:30]} {[%emt 00:01:37]} Rd7 {[%clk 00:31:48]} {[%emt 00:00:18]} 28. Be3
{[%clk 00:04:32]} {[%emt 00:03:27]} Nd5 {[%clk 00:15:14]} {[%emt 00:17:05]} 29.
Bxd5 {[%clk 00:04:57]} {[%emt 00:00:05]} Rxd5 {[%clk 00:15:37]} {[%emt
00:00:07]} 30. Bf2 {[%clk 00:05:19]} {[%emt 00:00:07]} Qe6 {[%clk 00:12:51]}
{[%emt 00:03:17]} 31. Bg3 {[%clk 00:05:29]} {[%emt 00:00:20]} Red8 {[%clk
00:12:29]} {[%emt 00:00:52]} 32. Kg1 {[%clk 00:01:51]} {[%emt 00:04:08]} Rd2
{[%clk 00:11:19]} {[%emt 00:01:41]} 33. Qe3 {[%clk 00:01:39]} {[%emt 00:00:41]}
h6 {[%clk 00:11:25]} {[%emt 00:00:24]} 34. Re2 {[%clk 00:01:31]} {[%emt
00:00:38]} R8d3 {[%clk 00:07:00]} {[%emt 00:04:55]} 35. Qxd2 {[%clk 00:01:14]}
{[%emt 00:00:46]} Rxd2 36. Rxd2 {[%clk 00:01:44]} h5 {[%clk 00:07:45]} {[%emt
00:00:12]} 37. h3 {[%clk 00:01:31]} {[%emt 00:00:43]} h4 {[%clk 00:07:09]}
{[%emt 00:01:06]} 38. Bh2 {[%clk 00:01:27]} {[%emt 00:00:33]} Bd5 {[%clk
00:06:48]} {[%emt 00:00:51]} 39. a3 {[%clk 00:01:43]} {[%emt 00:00:15]} c6
{[%clk 00:05:21]} {[%emt 00:01:57]} 40. Kh1 {[%clk 00:01:03]} {[%emt 00:01:09]}
b5 {[%clk 00:03:46]} {[%emt 00:02:06]} 41. Rad1 {[%clk 00:22:14]} {[%emt
00:09:18]} Kh7 {[%clk 00:33:36]} {[%emt 00:00:41]} 42. Rc1 {[%clk 00:18:59]}
{[%emt 00:03:45]} Qh6 {[%clk 00:26:33]} {[%emt 00:07:33]} 43. Rd4 {[%clk
00:17:44]} {[%emt 00:01:44]} Qg6 {[%clk 00:23:55]} {[%emt 00:03:09]} 44. Kg1
{[%clk 00:14:09]} {[%emt 00:04:04]} Qf5 {[%clk 00:22:17]} {[%emt 00:02:09]} 45.
Kf2 {[%clk 00:14:14]} {[%emt 00:00:25]} Qg6 {[%clk 00:22:10]} {[%emt 00:00:37]}
46. Ke3 {[%clk 00:13:41]} {[%emt 00:01:03]} Qe6 {[%clk 00:20:49]} {[%emt
00:01:51]} 47. Kd2 {[%clk 00:11:32]} {[%emt 00:02:38]} Bxf3 {[%clk 00:08:18]}
{[%emt 00:13:03]} 48. gxf3 {[%clk 00:11:54]} {[%emt 00:00:07]} Qxh3 {[%clk
00:08:44]} {[%emt 00:00:04]} 49. Bg1 {[%clk 00:11:13]} {[%emt 00:01:09]} Qxf3
{[%clk 00:08:32]} {[%emt 00:00:45]} 50. Re1 {[%clk 00:11:02]} {[%emt 00:00:39]}
Qg2+ {[%clk 00:05:02]} {[%emt 00:04:02]} 51. Kc1 {[%clk 00:09:54]} {[%emt
00:01:37]} h3 {[%clk 00:05:02]} {[%emt 00:00:30]} 52. Rd2 {[%clk 00:08:59]}
{[%emt 00:01:24]} Qf3 {[%clk 00:03:35]} {[%emt 00:01:58]} 53. Rf2 {[%clk
00:08:01]} {[%emt 00:01:25]} Qd5 {[%clk 00:03:53]} {[%emt 00:00:15]} 54. Bh2
{[%clk 00:07:29]} {[%emt 00:01:01]} g4 {[%clk 00:03:55]} {[%emt 00:00:29]} 55.
Ref1 {[%clk 00:06:06]} {[%emt 00:01:52]} Qc4+ {[%clk 00:01:34]} {[%emt
00:02:52]} 56. Kb1 {[%clk 00:06:22]} {[%emt 00:00:11]} g3 {[%clk 00:01:35]}
{[%emt 00:00:32]} 57. Rxf7+ {[%clk 00:06:14]} {[%emt 00:00:38]} Kg8 {[%clk
00:02:03]} {[%emt 00:00:02]} 58. Bxg3 {[%clk 00:05:19]} {[%emt 00:01:25]} Qd3+
{[%clk 00:02:28]} {[%emt 00:00:05]} 59. Ka1 {[%clk 00:05:22]} {[%emt 00:00:24]}
b4 {[%clk 00:00:32]} {[%emt 00:02:30]} 60. R7f3 {[%clk 00:05:22]} {[%emt
00:00:29]} Qd4 {[%clk 00:00:31]} {[%emt 00:00:31]} 61. axb4 {[%clk 00:05:19]}
{[%emt 00:00:33]} Qxb4 {[%clk 00:00:51]} {[%emt 00:00:10]} 62. Be1 {[%clk
00:04:50]} {[%emt 00:00:57]} Qc5 {[%clk 00:00:37]} {[%emt 00:00:46]} 63. Rg3+
{[%clk 00:05:01]} {[%emt 00:00:19]} Kh7 {[%clk 00:00:59]} {[%emt 00:00:09]} 64.
Rxh3+ {[%clk 00:05:25]} {[%emt 00:00:05]} Kg6 {[%clk 00:01:25]} {[%emt
00:00:04]} 65. Rg3+ {[%clk 00:05:48]} {[%emt 00:00:06]} 1-0

[Event "European Women's Chess Club Cup 2023"]
[Site "Durres, Albania"]
[Date "2023.10.06"]
[Round "6.2"]
[White "Gueci, Tea"]
[Black "Socko, Monika"]
[Result "0-1"]
[TimeControl "90' + 30' & 30\""]
[WhiteElo "2149"]
[BlackElo "2380"]

1. e4 {[%clk 01:30:57]} {[%emt 00:00:02]} c6 {[%clk 01:30:56]} {[%emt
00:00:04]} 2. d4 {[%clk 01:31:24]} {[%emt 00:00:04]} d5 {[%clk 01:31:22]}
{[%emt 00:00:04]} 3. e5 {[%clk 01:31:52]} {[%emt 00:00:02]} c5 {[%clk
01:31:46]} {[%emt 00:00:05]} 4. dxc5 {[%clk 01:32:19]} {[%emt 00:00:03]} e6
{[%clk 01:32:11]} {[%emt 00:00:05]} 5. a3 {[%clk 01:32:46]} {[%emt 00:00:03]}
Bxc5 {[%clk 01:32:25]} {[%emt 00:00:16]} 6. Qg4 {[%clk 01:33:02]} {[%emt
00:00:14]} Ne7 {[%clk 01:32:06]} {[%emt 00:00:49]} 7. Bd3 {[%clk 01:24:49]}
{[%emt 00:08:43]} Nbc6 {[%clk 01:21:02]} {[%emt 00:11:34]} 8. Nf3 {[%clk
01:21:01]} {[%emt 00:04:18]} Ng6 {[%clk 01:13:38]} {[%emt 00:07:55]} 9. O-O
{[%clk 01:04:01]} {[%emt 00:17:29]} f5 {[%clk 01:00:14]} {[%emt 00:13:54]} 10.
exf6 {[%clk 00:56:39]} {[%emt 00:07:52]} Qxf6 {[%clk 01:00:39]} {[%emt
00:00:05]} 11. Qh5 {[%clk 00:54:43]} {[%emt 00:02:26]} Nce7 {[%clk 00:49:28]}
{[%emt 00:11:41]} 12. Bg5 {[%clk 00:43:20]} {[%emt 00:11:53]} Qf7 {[%clk
00:47:07]} {[%emt 00:02:51]} 13. Nbd2 {[%clk 00:34:06]} {[%emt 00:09:44]} Ne5
{[%clk 00:31:05]} {[%emt 00:16:32]} 14. Qxf7+ {[%clk 00:26:29]} {[%emt
00:08:07]} Nxf7 {[%clk 00:31:31]} {[%emt 00:00:05]} 15. Rae1 {[%clk 00:24:42]}
{[%emt 00:02:16]} Nc6 {[%clk 00:28:37]} {[%emt 00:03:23]} 16. Bf4 {[%clk
00:16:48]} {[%emt 00:08:25]} O-O {[%clk 00:27:29]} {[%emt 00:01:39]} 17. b4
{[%clk 00:15:51]} {[%emt 00:01:26]} Bb6 {[%clk 00:25:21]} {[%emt 00:02:38]} 18.
c4 {[%clk 00:14:48]} {[%emt 00:01:33]} Bd7 {[%clk 00:23:07]} {[%emt 00:02:44]}
19. c5 {[%clk 00:13:16]} {[%emt 00:02:03]} Bd8 {[%clk 00:23:29]} {[%emt
00:00:07]} 20. b5 {[%clk 00:09:28]} {[%emt 00:04:18]} Na5 {[%clk 00:23:11]}
{[%emt 00:00:47]} 21. Nd4 {[%clk 00:08:17]} {[%emt 00:01:41]} Rc8 {[%clk
00:21:33]} {[%emt 00:02:08]} 22. Nxe6 {[%clk 00:04:32]} {[%emt 00:04:15]} Bxe6
{[%clk 00:21:34]} {[%emt 00:00:29]} 23. Rxe6 {[%clk 00:04:59]} {[%emt
00:00:04]} Rxc5 {[%clk 00:21:40]} {[%emt 00:00:25]} 24. Rfe1 {[%clk 00:04:11]}
{[%emt 00:01:18]} Rc3 {[%clk 00:12:37]} {[%emt 00:09:32]} 25. Bb1 {[%clk
00:02:19]} {[%emt 00:02:22]} Rxa3 {[%clk 00:09:50]} {[%emt 00:03:17]} 26. Nf3
{[%clk 00:02:05]} {[%emt 00:00:43]} Nc4 {[%clk 00:09:09]} {[%emt 00:01:11]} 27.
Re8 {[%clk 00:01:25]} {[%emt 00:01:10]} Ba5 {[%clk 00:07:25]} {[%emt 00:02:15]}
28. Rxf8+ {[%clk 00:00:37]} {[%emt 00:01:18]} Kxf8 {[%clk 00:07:53]} {[%emt
00:00:02]} 29. Rd1 {[%clk 00:01:02]} {[%emt 00:00:05]} Ra1 {[%clk 00:06:49]}
{[%emt 00:01:33]} 30. Rc1 {[%clk 00:01:28]} {[%emt 00:00:04]} g6 {[%clk
00:04:40]} {[%emt 00:02:40]} 31. Bd3 {[%clk 00:01:22]} {[%emt 00:00:35]} Rxc1+
{[%clk 00:04:38]} {[%emt 00:00:33]} 32. Bxc1 {[%clk 00:01:49]} {[%emt
00:00:04]} Bc3 {[%clk 00:04:43]} {[%emt 00:00:24]} 33. Kf1 {[%clk 00:01:32]}
{[%emt 00:00:48]} a5 {[%clk 00:05:01]} {[%emt 00:00:11]} 34. bxa6 {[%clk
00:01:36]} {[%emt 00:00:27]} bxa6 {[%clk 00:05:30]} {[%emt 00:00:01]} 35. Ke2
{[%clk 00:01:27]} {[%emt 00:00:39]} a5 {[%clk 00:05:22]} {[%emt 00:00:38]} 36.
Bxc4 {[%clk 00:00:43]} {[%emt 00:01:14]} dxc4 {[%clk 00:05:47]} {[%emt
00:00:05]} 37. Kd1 {[%clk 00:00:47]} {[%emt 00:00:26]} Ke7 {[%clk 00:04:51]}
{[%emt 00:01:25]} 38. Kc2 {[%clk 00:01:05]} {[%emt 00:00:13]} Bb4 {[%clk
00:05:15]} {[%emt 00:00:05]} 39. Nd4 {[%clk 00:01:17]} {[%emt 00:00:18]} Kd6
{[%clk 00:04:46]} {[%emt 00:00:59]} 40. f4 {[%clk 00:00:54]} {[%emt 00:00:54]}
Kd5 {[%clk 00:04:24]} {[%emt 00:00:51]} 41. Ne2 {[%clk 00:27:44]} {[%emt
00:03:40]} Nd6 {[%clk 00:31:47]} {[%emt 00:03:07]} 42. g4 {[%clk 00:25:15]}
{[%emt 00:02:59]} Ke4 {[%clk 00:27:23]} {[%emt 00:04:54]} 43. Ng3+ {[%clk
00:23:16]} {[%emt 00:02:29]} Kf3 {[%clk 00:26:20]} {[%emt 00:01:33]} 44. f5
{[%clk 00:21:17]} {[%emt 00:02:30]} Kxg4 {[%clk 00:25:34]} {[%emt 00:01:16]} 45.
f6 {[%clk 00:19:58]} {[%emt 00:01:48]} h5 {[%clk 00:23:20]} {[%emt 00:02:45]}
46. Ne2 {[%clk 00:17:21]} {[%emt 00:03:06]} Kf5 {[%clk 00:21:08]} {[%emt
00:02:42]} 47. Bb2 {[%clk 00:15:17]} {[%emt 00:02:34]} Ne4 {[%clk 00:20:17]}
{[%emt 00:01:22]} 0-1

[Event "European Women's Chess Club Cup 2023"]
[Site "Durres, Albania"]
[Date "2023.10.06"]
[Round "6.3"]
[White "Cyfka, Karina"]
[Black "Grimaldi, Angela Flavia"]
[Result "1-0"]
[TimeControl "90' + 30' & 30\""]
[WhiteElo "2350"]
[BlackElo "1987"]

1. Nf3 {[%clk 01:30:56]} {[%emt 00:00:02]} c5 {[%clk 01:30:38]} {[%emt
00:00:24]} 2. g3 {[%clk 01:30:56]} {[%emt 00:00:30]} g6 {[%clk 01:30:59]}
{[%emt 00:00:08]} 3. Bg2 {[%clk 01:30:28]} {[%emt 00:00:58]} Bg7 {[%clk
01:31:17]} {[%emt 00:00:12]} 4. O-O {[%clk 01:28:08]} {[%emt 00:02:51]} Nc6
{[%clk 01:31:22]} {[%emt 00:00:26]} 5. d3 {[%clk 01:26:34]} {[%emt 00:02:03]}
d6 {[%clk 01:29:34]} {[%emt 00:02:17]} 6. e4 {[%clk 01:25:07]} {[%emt
00:01:57]} e5 {[%clk 01:25:31]} {[%emt 00:04:33]} 7. Nbd2 {[%clk 01:22:52]}
{[%emt 00:02:45]} Nge7 {[%clk 01:25:26]} {[%emt 00:00:36]} 8. a4 {[%clk
01:16:52]} {[%emt 00:06:30]} O-O {[%clk 01:24:03]} {[%emt 00:01:52]} 9. Nc4
{[%clk 01:16:56]} {[%emt 00:00:27]} b6 {[%clk 01:23:55]} {[%emt 00:00:39]} 10.
Nh4 {[%clk 01:10:51]} {[%emt 00:06:33]} d5 {[%clk 01:02:50]} {[%emt 00:21:35]}
11. exd5 {[%clk 01:05:11]} {[%emt 00:06:10]} Nxd5 {[%clk 01:03:02]} {[%emt
00:00:18]} 12. Re1 {[%clk 01:05:03]} {[%emt 00:00:38]} Be6 {[%clk 00:54:27]}
{[%emt 00:09:06]} 13. Nf3 {[%clk 01:04:02]} {[%emt 00:01:31]} Qc7 {[%clk
00:45:29]} {[%emt 00:09:28]} 14. Ng5 {[%clk 01:04:02]} {[%emt 00:00:30]} Qd7
{[%clk 00:39:53]} {[%emt 00:06:06]} 15. Nxe6 {[%clk 01:01:15]} {[%emt
00:03:16]} Qxe6 {[%clk 00:39:43]} {[%emt 00:00:40]} 16. f4 {[%clk 00:53:58]}
{[%emt 00:07:47]} f6 {[%clk 00:31:56]} {[%emt 00:08:17]} 17. a5 {[%clk
00:45:03]} {[%emt 00:09:25]} b5 {[%clk 00:25:48]} {[%emt 00:06:37]} 18. Ne3
{[%clk 00:44:55]} {[%emt 00:00:37]} Nxe3 {[%clk 00:22:32]} {[%emt 00:03:47]} 19.
Bxe3 {[%clk 00:45:15]} {[%emt 00:00:09]} Qd6 {[%clk 00:22:02]} {[%emt
00:01:00]} 20. Qf3 {[%clk 00:44:41]} {[%emt 00:01:04]} Nb4 {[%clk 00:18:59]}
{[%emt 00:03:33]} 21. Rac1 {[%clk 00:32:58]} {[%emt 00:12:12]} Rad8 {[%clk
00:17:07]} {[%emt 00:02:22]} 22. f5 {[%clk 00:30:52]} {[%emt 00:02:37]} Nd5
{[%clk 00:13:50]} {[%emt 00:03:47]} 23. Bf2 {[%clk 00:28:06]} {[%emt 00:03:15]}
Rfe8 {[%clk 00:10:49]} {[%emt 00:03:31]} 24. fxg6 {[%clk 00:22:01]} {[%emt
00:06:36]} hxg6 {[%clk 00:11:13]} {[%emt 00:00:05]} 25. h4 {[%clk 00:22:28]}
{[%emt 00:00:03]} Bh6 {[%clk 00:04:57]} {[%emt 00:06:46]} 26. Ra1 {[%clk
00:17:17]} {[%emt 00:05:41]} Nb4 {[%clk 00:01:38]} {[%emt 00:03:50]} 27. Re2
{[%clk 00:17:46]} Re7 {[%clk 00:01:05]} {[%emt 00:01:02]} 28. h5 {[%clk
00:17:23]} {[%emt 00:00:54]} Rg7 {[%clk 00:00:47]} {[%emt 00:00:49]} 29. hxg6
{[%clk 00:14:49]} {[%emt 00:03:04]} Rxg6 {[%clk 00:01:09]} {[%emt 00:00:07]} 30.
Qe4 {[%clk 00:15:07]} {[%emt 00:00:13]} Kg7 {[%clk 00:00:57]} {[%emt 00:00:42]}
31. Qb7+ {[%clk 00:15:30]} {[%emt 00:00:07]} Rd7 {[%clk 00:00:49]} {[%emt
00:00:38]} 32. Qxb5 {[%clk 00:15:48]} {[%emt 00:00:11]} Rc7 {[%clk 00:00:35]}
{[%emt 00:00:45]} 33. Rae1 {[%clk 00:14:07]} {[%emt 00:02:10]} Nd5 {[%clk
00:00:35]} {[%emt 00:00:29]} 34. Qc4 {[%clk 00:13:59]} {[%emt 00:00:39]} Ne7
{[%clk 00:00:52]} {[%emt 00:00:13]} 35. Re4 {[%clk 00:13:19]} {[%emt 00:01:10]}
Nf5 {[%clk 00:00:33]} {[%emt 00:00:50]} 36. Rg4 {[%clk 00:13:31]} {[%emt
00:00:17]} Nd4 {[%clk 00:00:48]} {[%emt 00:00:15]} 37. Rxg6+ {[%clk 00:13:29]}
{[%emt 00:00:32]} Kxg6 {[%clk 00:01:12]} {[%emt 00:00:05]} 38. Qg8+ {[%clk
00:12:26]} {[%emt 00:01:33]} Rg7 {[%clk 00:01:26]} {[%emt 00:00:17]} 39. Qe8+
{[%clk 00:12:54]} {[%emt 00:00:02]} Rf7 {[%clk 00:01:08]} {[%emt 00:00:48]} 40.
c3 {[%clk 00:06:44]} {[%emt 00:06:40]} Ne6 {[%clk 00:01:02]} {[%emt 00:00:36]}
41. Qg8+ {[%clk 00:02:43]} {[%emt 00:04:32]} Bg7 {[%clk 00:29:51]} {[%emt
00:01:40]} 42. Qe8 {[%clk 00:29:29]} {[%emt 00:03:44]} Ng5 {[%clk 00:19:34]}
{[%emt 00:10:48]} 43. Qb5 {[%clk 00:23:12]} {[%emt 00:06:46]} Bf8 {[%clk
00:18:48]} {[%emt 00:01:16]} 44. Be3 {[%clk 00:22:08]} {[%emt 00:01:35]} Rd7
{[%clk 00:15:47]} {[%emt 00:03:31]} 45. Bxg5 {[%clk 00:19:13]} {[%emt
00:03:25]} Kxg5 {[%clk 00:14:56]} {[%emt 00:01:21]} 46. Qc4 {[%clk 00:18:59]}
{[%emt 00:00:45]} f5 {[%clk 00:11:24]} {[%emt 00:04:01]} 47. Qh4+ {[%clk
00:17:57]} {[%emt 00:01:31]} Kg6 {[%clk 00:11:45]} {[%emt 00:00:10]} 48. g4
{[%clk 00:17:08]} {[%emt 00:01:20]} Rh7 {[%clk 00:05:04]} {[%emt 00:07:09]} 49.
gxf5+ {[%clk 00:16:36]} {[%emt 00:01:03]} Kg7 {[%clk 00:05:26]} {[%emt
00:00:08]} 50. Qg3+ {[%clk 00:15:17]} {[%emt 00:01:48]} 1-0

[Event "European Women's Chess Club Cup 2023"]
[Site "Durres, Albania"]
[Date "2023.10.06"]
[Round "6.4"]
[White "Martinelli, Valeria"]
[Black "Caku, Kler"]
[Result "1-0"]
[TimeControl "90' + 30' & 30\""]
[WhiteElo "2008"]
[BlackElo "1697"]

1. c4 {[%clk 01:30:55]} {[%emt 00:00:04]} e5 {[%clk 01:30:54]} {[%emt
00:00:06]} 2. Nc3 {[%clk 01:31:19]} {[%emt 00:00:07]} Nf6 {[%clk 01:31:14]}
{[%emt 00:00:08]} 3. g3 {[%clk 01:31:44]} {[%emt 00:00:07]} d6 {[%clk
01:31:12]} {[%emt 00:00:31]} 4. Bg2 {[%clk 01:32:07]} {[%emt 00:00:07]} Nc6
{[%clk 01:30:44]} {[%emt 00:00:57]} 5. e3 {[%clk 01:32:29]} {[%emt 00:00:09]}
Be6 {[%clk 01:30:21]} {[%emt 00:00:53]} 6. Nd5 {[%clk 01:32:33]} {[%emt
00:00:26]} Be7 {[%clk 01:28:30]} {[%emt 00:02:20]} 7. Ne2 {[%clk 01:32:13]}
{[%emt 00:00:51]} O-O {[%clk 01:27:59]} {[%emt 00:01:01]} 8. Nec3 {[%clk
01:31:43]} {[%emt 00:01:00]} Bxd5 {[%clk 01:15:22]} {[%emt 00:13:06]} 9. cxd5
{[%clk 01:26:12]} {[%emt 00:06:02]} Nb4 {[%clk 01:15:23]} {[%emt 00:00:29]} 10.
O-O {[%clk 01:26:13]} {[%emt 00:00:29]} Nd3 {[%clk 01:14:38]} {[%emt 00:01:15]}
11. Qc2 {[%clk 01:18:37]} {[%emt 00:08:06]} Nxc1 {[%clk 01:13:50]} {[%emt
00:01:17]} 12. Raxc1 {[%clk 01:18:27]} {[%emt 00:00:41]} a6 {[%clk 01:11:46]}
{[%emt 00:02:33]} 13. b4 {[%clk 01:06:44]} {[%emt 00:12:15]} Nd7 {[%clk
01:07:59]} {[%emt 00:04:15]} 14. Nd1 {[%clk 01:03:10]} {[%emt 00:04:05]} Rc8
{[%clk 01:07:51]} {[%emt 00:00:38]} 15. Bh3 {[%clk 01:02:41]} {[%emt 00:00:59]}
c6 {[%clk 00:58:18]} {[%emt 00:10:03]} 16. Qa4 {[%clk 00:45:01]} {[%emt
00:18:10]} f5 {[%clk 00:50:55]} {[%emt 00:07:53]} 17. dxc6 {[%clk 00:44:23]}
{[%emt 00:01:08]} Nb6 {[%clk 00:47:35]} {[%emt 00:03:50]} 18. Qa5 {[%clk
00:40:01]} {[%emt 00:04:52]} Rxc6 {[%clk 00:46:31]} {[%emt 00:01:34]} 19. Rxc6
{[%clk 00:39:58]} {[%emt 00:00:33]} bxc6 {[%clk 00:46:54]} {[%emt 00:00:07]} 20.
Qxa6 {[%clk 00:37:42]} {[%emt 00:02:46]} Qc7 {[%clk 00:41:13]} {[%emt
00:06:10]} 21. Qd3 {[%clk 00:28:45]} {[%emt 00:09:28]} e4 {[%clk 00:39:58]}
{[%emt 00:01:44]} 22. Qb3+ {[%clk 00:28:48]} {[%emt 00:00:28]} d5 {[%clk
00:40:16]} {[%emt 00:00:12]} 23. Nb2 {[%clk 00:22:21]} {[%emt 00:06:57]} Bf6
{[%clk 00:39:49]} {[%emt 00:00:57]} 24. Rc1 {[%clk 00:17:57]} {[%emt 00:04:53]}
Bxb2 {[%clk 00:37:43]} {[%emt 00:02:37]} 25. Qxb2 {[%clk 00:18:17]} {[%emt
00:00:10]} Nc4 {[%clk 00:37:24]} {[%emt 00:00:49]} 26. Qd4 {[%clk 00:18:12]}
{[%emt 00:00:34]} Qb7 {[%clk 00:34:21]} {[%emt 00:03:33]} 27. Bf1 {[%clk
00:09:56]} {[%emt 00:08:47]} Nb6 {[%clk 00:31:05]} {[%emt 00:03:45]} 28. b5
{[%clk 00:06:38]} {[%emt 00:03:49]} cxb5 {[%clk 00:30:37]} {[%emt 00:00:57]} 29.
Bxb5 {[%clk 00:06:45]} {[%emt 00:00:23]} Rc8 {[%clk 00:27:05]} {[%emt
00:04:01]} 30. Rxc8+ {[%clk 00:07:03]} {[%emt 00:00:13]} Nxc8 {[%clk 00:27:27]}
{[%emt 00:00:07]} 31. Qc5 {[%clk 00:06:38]} {[%emt 00:00:56]} Ne7 {[%clk
00:25:47]} {[%emt 00:02:10]} 32. a4 {[%clk 00:06:46]} {[%emt 00:00:21]} Kf7
{[%clk 00:20:57]} {[%emt 00:05:20]} 33. a5 {[%clk 00:04:45]} {[%emt 00:02:31]}
Qc8 {[%clk 00:20:28]} {[%emt 00:00:59]} 34. Qxc8 {[%clk 00:01:21]} {[%emt
00:03:54]} Nxc8 {[%clk 00:20:51]} {[%emt 00:00:07]} 35. Bd7 {[%clk 00:01:00]}
{[%emt 00:00:52]} Na7 {[%clk 00:20:32]} {[%emt 00:00:48]} 36. Bxf5 {[%clk
00:01:25]} {[%emt 00:00:06]} g6 {[%clk 00:19:46]} {[%emt 00:01:16]} 37. Bg4
{[%clk 00:01:49]} {[%emt 00:00:06]} Ke7 {[%clk 00:19:30]} {[%emt 00:00:45]} 38.
Kg2 {[%clk 00:02:09]} {[%emt 00:00:11]} Kd6 {[%clk 00:19:16]} {[%emt 00:00:44]}
39. Be2 {[%clk 00:01:50]} {[%emt 00:00:49]} Ke5 {[%clk 00:18:22]} {[%emt
00:01:23]} 40. d3 {[%clk 00:01:14]} {[%emt 00:01:06]} d4 {[%clk 00:17:55]}
{[%emt 00:00:58]} 41. exd4+ {[%clk 00:01:33]} {[%emt 00:00:11]} Kxd4 {[%clk
00:18:14]} {[%emt 00:00:11]} 42. dxe4 {[%clk 00:01:58]} {[%emt 00:00:05]} Kxe4
{[%clk 00:18:32]} {[%emt 00:00:12]} 43. Bf3+ {[%clk 00:02:06]} {[%emt
00:00:22]} Kd4 {[%clk 00:18:36]} {[%emt 00:00:26]} 44. Bb7 {[%clk 00:02:16]}
{[%emt 00:00:20]} Nb5 {[%clk 00:17:14]} {[%emt 00:01:52]} 45. Kf3 {[%clk
00:01:18]} {[%emt 00:01:28]} Na7 {[%clk 00:16:50]} {[%emt 00:00:53]} 46. Kf4
{[%clk 00:01:26]} {[%emt 00:00:23]} h6 {[%clk 00:16:33]} {[%emt 00:00:48]} 47.
h4 {[%clk 00:01:19]} {[%emt 00:00:36]} Nb5 {[%clk 00:16:14]} {[%emt 00:00:48]}
48. a6 {[%clk 00:01:41]} {[%emt 00:00:09]} Na7 {[%clk 00:15:43]} {[%emt
00:01:00]} 49. g4 {[%clk 00:01:58]} {[%emt 00:00:14]} Nb5 {[%clk 00:09:28]}
{[%emt 00:06:44]} 50. h5 {[%clk 00:01:43]} {[%emt 00:00:46]} gxh5 {[%clk
00:08:58]} {[%emt 00:01:00]} 51. gxh5 {[%clk 00:02:07]} {[%emt 00:00:05]} Na7
{[%clk 00:08:30]} {[%emt 00:00:58]} 52. Kf5 {[%clk 00:02:25]} {[%emt 00:00:13]}
Nb5 {[%clk 00:08:46]} {[%emt 00:00:14]} 53. Ke6 {[%clk 00:02:40]} {[%emt
00:00:15]} Kc5 {[%clk 00:08:21]} {[%emt 00:00:54]} 54. f4 {[%clk 00:02:48]}
{[%emt 00:00:22]} Nd4+ {[%clk 00:07:49]} {[%emt 00:01:03]} 55. Ke5 {[%clk
00:02:57]} {[%emt 00:00:21]} Nb5 {[%clk 00:08:10]} {[%emt 00:00:07]} 56. f5
{[%clk 00:03:21]} {[%emt 00:00:08]} Na7 {[%clk 00:03:39]} {[%emt 00:05:00]} 57.
f6 {[%clk 00:02:35]} {[%emt 00:01:17]} 1-0